[Event "Nikaia op 29th"]
[Site "Nikaia"]
[Date "2022.09.07"]
[Round "7"]
[White "Kotronias, Vasilios"]
[Black "Dermatas, Marios"]
[Result "1-0"]
[WhiteElo "2468"]
[BlackElo "1968"]
[PlyCount "81"]
[EventDate "2022.09.01"]
[EventType "swiss"]
[EventRounds "9"]
[EventCountry "GRE"]
[SourceTitle "CBM 210 Extra"]
[Source "ChessBase"]
[SourceDate "2022.11.30"]
[SourceVersion "1"]
[SourceVersionDate "2022.11.30"]
[SourceQuality "1"]

1. e4 e5 2. Nf3 Nc6 3. Bb5 a6 4. Ba4 g6 5. c3 Bg7 6. d4 exd4 7. cxd4 Nge7 8. 0-0 b5 9. Bb3 d6 10. d5 Na5 11. Bd2 Nb7 12. Bc3 f6 13. Nd4 Nc5 14. Bc2 0-0 15. b4 Nb7 16. a4 Bd7 17. axb5 axb5 18. Na3 Qe8 19. Re1 Nd8 20. Bd3 Rb8 21. Qd2 Nf7 22. f4 Bh6 23. Qf2 Rb7 24. Ne6 Bxe6 25. dxe6 Nd8 26. f5 Bg7 27. Bd2 c6 28. Bf4 Nc8 29. Rac1 Nxe6 30. fxe6 Qxe6 31. Rxc6 Qb3 32. Qc2 Qxa3 33. Rxc8 Qxb4 34. Rd1 d5 35. Qc6 Qd4+ 36. Kf1 dxe4 37. Qxb7 exd3 38. Rxf8+ Bxf8 39. Qf3 Bc5 40. Rxd3 Qc4 41. Ke1 1-0

[Event "Nikaia op 29th"]
[Site "Nikaia"]
[Date "2022.09.05"]
[Round "5"]
[White "Dermatas, Marios"]
[Black "Kofidis, Andreas"]
[Result "1/2-1/2"]
[WhiteElo "1968"]
[BlackElo "2294"]
[PlyCount "38"]
[EventDate "2022.09.01"]
[EventType "swiss"]
[EventRounds "9"]
[EventCountry "GRE"]
[SourceTitle "CBM 210 Extra"]
[Source "ChessBase"]
[SourceDate "2022.11.30"]
[SourceVersion "1"]
[SourceVersionDate "2022.11.30"]
[SourceQuality "1"]

1. d4 Nf6 2. Bg5 d6 3. Bxf6 exf6 4. e3 Be7 5. c4 0-0 6. Nc3 f5 7. g3 Bf6 8. Nge2 c6 9. Bg2 Re8 10. 0-0 g6 11. b4 h5 12. b5 h4 13. Rb1 hxg3 14. hxg3 Kg7 15. bxc6 bxc6 16. Qa4 Rh8 17. Rb3 Bd7 18. Qa3 Be7 19. Qb2 Na6 1/2-1/2

[Event "Nikaia op 29th"]
[Site "Nikaia"]
[Date "2022.09.03"]
[Round "3"]
[White "Dermatas, Marios"]
[Black "Sioutis, Angelos"]
[Result "1/2-1/2"]
[WhiteElo "1968"]
[BlackElo "1454"]
[PlyCount "161"]
[EventDate "2022.09.01"]
[EventType "swiss"]
[EventRounds "9"]
[EventCountry "GRE"]
[SourceTitle "CBM 210 Extra"]
[Source "ChessBase"]
[SourceDate "2022.11.30"]
[SourceVersion "1"]
[SourceVersionDate "2022.11.30"]
[SourceQuality "1"]

1. d4 d5 2. c4 e6 3. Nf3 Nf6 4. Nc3 c6 5. g3 dxc4 6. Bg2 b5 7. 0-0 Bb7 8. Ne5 a6 9. a4 Be7 10. e4 Nbd7 11. Nxd7 Qxd7 12. e5 Nd5 13. Qg4 Nxc3 14. bxc3 Bf8 15. Ba3 h5 16. Qg5 Bxa3 17. Qxg7 0-0-0 18. Rxa3 Qe7 19. axb5 axb5 20. Rfa1 Kb8 21. Ra7 Rdg8 22. Qxg8+ Rxg8 23. Bxc6 Re8 24. Rxb7+ Qxb7 25. Bxb7 Kxb7 26. Kf1 Kc6 27. Ke2 Rb8 28. Kd2 b4 29. cxb4 Rxb4 30. Ra5 Rb2+ 31. Ke3 Rb3+ 32. Ke4 Rb2 33. Rc5+ Kd7 34. Kf3 Rb3+ 35. Kg2 c3 36. Rc4 Ra3 37. h4 Rb3 38. Kf1 Rb1+ 39. Ke2 Rb2+ 40. Ke3 Rc2 41. f3 Rg2 42. Kf4 c2 43. g4 hxg4 44. fxg4 Ke7 45. Kg5 Kf8 46. h5 Kg7 47. Rc7 Rh2 48. Rc8 Kh7 49. Rc7 Kg7 50. Kf4 Rd2 51. Kg5 Rh2 52. Rc8 Kh7 53. Kf6 Rf2+ 54. Kg5 Rh2 55. Rc3 Kg7 56. Rc4 Kh7 57. Kf4 Rd2 58. Ke3 Rg2 59. Rc7 Kg7 60. Kf3 Rd2 61. g5 Rxd4 62. g6 c1Q 63. Rxc1 Rh4 64. Rc7 Rxh5 65. Rxf7+ Kxg6 66. Rf6+ Kg7 67. Ke4 Rh6 68. Rxh6 Kxh6 69. Kd4 Kg5 70. Kc5 Kf4 71. Kd4 Kf5 72. Kd3 Kxe5 73. Ke3 Kf5 74. Kf3 e5 75. Ke3 e4 76. Ke2 Kf4 77. Kf2 e3+ 78. Ke2 Ke4 79. Ke1 Kf3 80. Kf1 e2+ 81. Ke1 1/2-1/2

[Event "Nikaia op 29th"]
[Site "Nikaia"]
[Date "2022.09.02"]
[Round "2"]
[White "Magklaras, Panagiotis"]
[Black "Dermatas, Marios"]
[Result "0-1"]
[WhiteElo "1664"]
[BlackElo "1968"]
[PlyCount "72"]
[EventDate "2022.09.01"]
[EventType "swiss"]
[EventRounds "9"]
[EventCountry "GRE"]
[SourceTitle "CBM 210 Extra"]
[Source "ChessBase"]
[SourceDate "2022.11.30"]
[SourceVersion "1"]
[SourceVersionDate "2022.11.30"]
[SourceQuality "1"]

1. e4 e5 2. Nf3 Nc6 3. Bb5 Nge7 4. 0-0 g6 5. Nc3 Bg7 6. Nd5 0-0 7. Re1 d6 8. Nxe7+ Qxe7 9. c3 Bd7 10. Ba4 h6 11. d3 Rab8 12. h3 b5 13. Bb3 b4 14. Nh2 Kh7 15. Nf1 Qh4 16. Be3 f5 17. f3 f4 18. Bf2 Qf6 19. Ba4 bxc3 20. bxc3 Qe7 21. Qc2 a5 22. Nd2 h5 23. Nc4 Ra8 24. Rab1 g5 25. Kf1 g4 26. hxg4 hxg4 27. Na3 Bf6 28. Ke2 Kg6 29. Bxc6 Bxc6 30. c4 Rh8 31. Rh1 Bh4 32. d4 Bxf2 33. Kxf2 g3+ 34. Ke2 exd4 35. Qd2 Bxe4 36. Rbe1 Bc2+ 0-1

[Event "Ambelokipi op 162th"]
[Site "Athens"]
[Date "2017.01.11"]
[Round "1"]
[White "Finokaliotis, Georgios"]
[Black "Dermatas, Marios"]
[Result "1-0"]
[WhiteElo "2090"]
[BlackElo "1488"]
[PlyCount "41"]
[EventDate "2017.01.11"]
[EventType "swiss"]
[EventRounds "7"]
[EventCountry "GRE"]
[SourceTitle "EXT 2024"]
[Source "ChessBase"]
[SourceDate "2023.10.10"]
[SourceVersion "1"]
[SourceVersionDate "2023.10.10"]
[SourceQuality "1"]

1. d4 Nf6 2. Nf3 e6 3. c4 c6 4. g3 d5 5. Qc2 Bb4+ 6. Bd2 Be7 7. Bg2 0-0 8. 0-0 Nbd7 9. Bf4 c5 10. dxc5 Bxc5 11. Nc3 dxc4 12. Rad1 a6 13. Ne5 Qe7 14. Nxc4 e5 15. Bg5 Qe6 16. Ne3 h6 17. Bxf6 Nxf6 18. Ned5 Bd6 19. Nxf6+ gxf6 20. Bd5 Qe7 21. Qg6+ 1-0

[Event "Nikaia op 23rd"]
[Site "Nikaia"]
[Date "2015.09.03"]
[Round "8"]
[White "Dermatas, Marios"]
[Black "Bastianou, Chrysoula"]
[Result "1/2-1/2"]
[WhiteElo "1301"]
[BlackElo "1430"]
[PlyCount "146"]
[EventDate "2015.08.26"]
[EventType "swiss"]
[EventRounds "9"]
[EventCountry "GRE"]
[SourceTitle "EXT 2016"]
[Source "ChessBase"]
[SourceDate "2015.10.08"]
[SourceVersion "1"]
[SourceVersionDate "2015.10.08"]
[SourceQuality "1"]

1. d4 Nf6 2. Nf3 e6 3. c4 b6 4. Nc3 Bb4 5. Qb3 Bxc3+ 6. Qxc3 h6 7. e3 0-0 8. Bd3 Bb7 9. Qc2 d6 10. e4 c5 11. Bd2 cxd4 12. Nxd4 Nbd7 13. 0-0 Ne5 14. Rfe1 Rc8 15. b3 d5 16. exd5 Nxd3 17. Qxd3 exd5 18. Nf5 dxc4 19. Qxd8 Rcxd8 20. Bb4 Rfe8 21. Nd6 Rxe1+ 22. Rxe1 Rd7 23. bxc4 Bc6 24. f3 Nh5 25. Nf5 Ba4 26. g3 Rc7 27. Rc1 Bd7 28. Bd6 Rb7 29. Ne7+ Kh7 30. Kf2 Be6 31. Ke3 Rd7 32. Ba3 Nf6 33. f4 g6 34. Nc8 Ng4+ 35. Ke2 Nxh2 36. c5 bxc5 37. Bxc5 Bxa2 38. Bxa7 Rb7 39. Bd4 Ng4 40. Nd6 Re7+ 41. Kd2 Rd7 42. Rc8 f6 43. Nb5 Kg7 44. Rc7 Rxc7 45. Nxc7 Kf7 46. Bc5 f5 47. Nb5 Nf6 48. Nc3 Bc4 49. Ke3 Bd5 50. Nxd5 Nxd5+ 51. Kd4 Nc7 52. Ke3 g5 53. fxg5 hxg5 54. Kf3 Nd5 55. Ba3 Ke6 56. Bc1 g4+ 57. Kf2 Ke5 58. Bd2 Ke4 59. Ke2 Nb6 60. Bf4 Nc4 61. Kf2 Nb2 62. Ke2 Nd3 63. Bh6 Nc5 64. Bf4 Nd7 65. Bg5 Nf8 66. Bc1 Ng6 67. Bg5 Nf8 68. Bc1 Ne6 69. Be3 Ng7 70. Bf4 Nh5 71. Bc7 Nxg3+ 72. Bxg3 f4 73. Bxf4 Kxf4 1/2-1/2